=LDR 00000nam 2200000 4500 =001 INLIS000000000028662 =005 20130612130941 =008 ***********************************Ind** =035 ##$$a0010-061300000028662 =041 ##$$a Ind =082 ##$$a F Rom K =090 ##$$a F Rom K, Toh d =100 ##$$a Tohari, Ahmad =245 ##$$a Di kaki bukit cibalak, Ahmad Tohari =260 ##$$a 2001 $b Jakarta =300 ##$$a 172 hlm, 21 cm =650 ##$$a Fikis kanak-kanak =850 ##$$a NBPNMAT =990 ##$$a 0001/BPAP-NTB/20142014